Principles of signal detection and parameter estimation (Record no. 10949)

000 -LEADER
fixed length control field 00440 a2200157 4500
020 ## - INTERNATIONAL STANDARD BOOK NUMBER
International Standard Book Number 9781441945655
082 ## - DEWEY DECIMAL CLASSIFICATION NUMBER
Classification number 621.3822
090 ## - LOCALLY ASSIGNED LC-TYPE CALL NUMBER (OCLC); LOCAL CALL NUMBER (RLIN)
-- 7145
-- 7145
100 ## - MAIN ENTRY--PERSONAL NAME
Personal name Levy, Bernard C
245 ## - TITLE STATEMENT
Title Principles of signal detection and parameter estimation
Statement of responsibility, etc. Bernard C, Levy
260 ## - PUBLICATION, DISTRIBUTION, ETC.
Place of publication, distribution, etc. New York
Name of publisher, distributor, etc. Springer
Date of publication, distribution, etc. 2010
300 ## - PHYSICAL DESCRIPTION
Extent 639 p.
650 ## - SUBJECT ADDED ENTRY--TOPICAL TERM
Topical term or geographic name entry element Parameter estimation--Signal detection
700 ## - ADDED ENTRY--PERSONAL NAME
Personal name Bernard C, Levy
942 ## - ADDED ENTRY ELEMENTS (KOHA)
Koha item type Book
Call number prefix 621.3822 LEV
Holdings
Withdrawn status Lost status Damaged status Not for loan Collection code Permanent Location Current Location Shelving location Date acquired Source of acquisition Cost, normal purchase price Total Checkouts Total Renewals Full call number Barcode Date last seen Date last checked out Price effective from Koha item type
          Central Library (CL) Central Library (CL) General Stacks 07/10/2012 Progressive International Agencies 7400.84 2 1 621.3822 LEV SEECS011355 06/02/2014 06/02/2014 01/05/2017 Book
© 2023 Central Library, National University of Sciences and Technology. All Rights Reserved.